Návrh zlepšenia systému vzdelávania zamestnancov v kontexte s udržateľným spoločensko zodpovedným podnikaním v podniku AMI spol. s r.o.

Salvato in:
Dettagli Bibliografici
Autore principale: Molnár, Ivan (Autore)
Altri autori: Mrvová, Ľubica (Relatore della tesi)
Natura: Manoscritto Libro
Lingua:slovacco
Pubblicazione: 2017
Soggetti:
Accesso online:http://is.stuba.sk/zp/portal_zp.pl?podrobnosti=129891
Tags: Aggiungi Tag
Nessun Tag, puoi essere il primo ad aggiungerne!!

MARC

LEADER 00000ntm a22000003a 4500
001 stuzp62446
003 SK-STU
005 20170603210357.0
007 ta
008 150427s2015----xo-----f-mn---000-0-slo-d
040 |a STU  |b slo 
041 0 |a slo 
100 1 |a Molnár, Ivan  |u 064000  |k Z4  |4 aut  |U MTF Materiálovotechnologická fakulta  |T MTF Ústav priemyselného inžinierstva a manažmentu  |X 42338  |U M4000  |Y 84  |7 42338 
242 0 1 |a A Proposal for an Improvement of the Employee Education System in the Context of Corporate Social Responsibility Entrepreneurship at AMI Ldt.  |y eng 
245 1 0 |a Návrh zlepšenia systému vzdelávania zamestnancov v kontexte s udržateľným spoločensko zodpovedným podnikaním v podniku AMI spol. s r.o. 
260 |c 2017 
650 4 |a vzdelávanie zamestnancov  |2 slo 
650 4 |a podnikové vzdelávanie  |2 slo 
650 4 |a systém vzdelávania zamestnancov  |2 slo 
650 4 |a udržateľné spoločensko zodpovedné podnikanie  |2 slo 
650 4 |a employee education  |2 eng 
650 4 |a employee education system,  |2 eng 
650 4 |a company education  |2 eng 
650 4 |a corporate social responsibility entrepreneurship  |2 eng 
700 1 |a Mrvová, Ľubica  |u 064000  |k Z1  |4 ths  |U MTF Materiálovotechnologická fakulta  |T MTF Ústav priemyselného inžinierstva a manažmentu  |X 1484  |U M4000  |Y 84  |7 A000001484 
856 4 |u http://is.stuba.sk/zp/portal_zp.pl?podrobnosti=129891 
996 |c M* DP-13261  |l MMSKP  |s P  |a 0  |w stuzp62446_0001